New directions in the study of plants and people : (Registro nro. 2263)
[ vista simple ]
| 000 -CABECERA | |
|---|---|
| Campo de control | 01005pam a2200253 a 4500 |
| 005 - FECHA Y HORA DE LA ULTIMA TRANSACCION | |
| Campo de control | 20160128105851.0 |
| 008 - ELEMENTOS DE LONGITUD FIJA—INFORMACION GENERAL | |
| Campo de control | 891017s1990 nyuab b 001 0 eng |
| 020 ## - ISBN | |
| ISBN | 0893273473 |
| 040 ## - FUENTE DE CATALOGACIÓN | |
| Agencia catalogadora original | DLC |
| Agencia transcriptora | DLC |
| Agencia Modificadora | DLC |
| 041 0# - IDIOMA | |
| Código de idioma para texto/pista de sonido o título separado | Inglés |
| 044 ## - PAÍS DE PUBLICACIÓN | |
| País de publicación | Estados Unidos |
| 082 00 - NUMERO DE CLASIFICACION DECIMAL DEWEY | |
| Número de clasificación | 581.6 |
| Número del ítem | N53d |
| 245 00 - MENCION DE TITULO | |
| Título | New directions in the study of plants and people : |
| Parte restante del título | research contributions from the Institute of Economic Botany / |
| Mención de responsabilidad | Ghillean T. Prance and Michael J. Balick, editores. |
| 260 ## - PUBLICACION, DISTRIBUCION, ETC. (PIE DE IMPRENTA) | |
| Lugar de publicación, distribución, etc. | Bronx, N.Y., U.S.A. : |
| Nombre del editor, distribuidor, etc. | New York Botanical Garden, |
| Fecha de publicación, distribución, etc. | 1990. |
| 300 ## - DESCRIPCION FISICA | |
| Extensión | vii, 278 páginas : |
| Otros detalles físicos | ilustraciones, mapas ; |
| Dimensiones | 26 x 22 cm. |
| 504 ## - NOTA DE BIBLIOGRAFIA, ETC. | |
| Nota de bibliografía | Incluye referencias bibliográficas e índices. |
| 650 #6 - ASIENTO SECUNDARIO DE MATERIA - TERMINO TEMATICO | |
| Término temático o nombre geográfico como elemento de entrada | Botánica |
| Subdivisión geográfica | América. |
| 9 (RLIN) | 55148 |
| 650 #4 - ASIENTO SECUNDARIO DE MATERIA - TERMINO TEMATICO | |
| Término temático o nombre geográfico como elemento de entrada | Indígenas |
| Subdivisión general | Etnobotánica. |
| 9 (RLIN) | 55149 |
| 650 #6 - ASIENTO SECUNDARIO DE MATERIA - TERMINO TEMATICO | |
| Término temático o nombre geográfico como elemento de entrada | Etnobotánica. |
| Subdivisión geográfica | América. |
| 9 (RLIN) | 55150 |
| 700 1# - ASIENTO SECUNDARIO - NOMBRE PERSONAL | |
| Nombre personal | Prance, Ghillean T., |
| Fechas asociadas con el nombre | 1937- |
| 9 (RLIN) | 55151 |
| 700 1# - ASIENTO SECUNDARIO - NOMBRE PERSONAL | |
| Nombre personal | Balick, Michael J., |
| Fechas asociadas con el nombre | 1952- |
| 9 (RLIN) | 55152 |
| 710 2# - ASIENTO SECUNDARIO - NOMBRE CORPORATIVO | |
| Nombre corporativo o de jurisdicción como elemento de entrada | Institute of Economic Botany (New York Botanical Garden) |
| 9 (RLIN) | 55153 |
| 942 ## - ELEMENTOS ADICIONALES (KOHA) | |
| Sistema de clasificación | Dewey Decimal Classification |
| Tipo de ítem | Libro |
| Withdrawn status | Lost status | Sistema de Clasificación | Damaged status | No para préstamo | Colección | Inventariado | Ubicación Permanente | Ubicación actual | Fecha de adquisición | Fuente de Valor | Valor | Total Checkouts | Número topográfico | Inventario / Código de Barras | Date last seen | Ejemplar | Price effective from | Forma de adquisición | Tipo de material |
|---|---|---|---|---|---|---|---|---|---|---|---|---|---|---|---|---|---|---|---|
| Dewey Decimal Classification | General | Inventariado 2017 | Bogotá | Bogotá | 10/05/2001 | Instituto | 50000.00 | LB-581.6 N53d | 002828 | 04/12/2012 | Ej. 1 | 04/12/2012 | Libro |